<?xml version="1.0" encoding="UTF-8"?><?xml-stylesheet type="text/xsl" href="static/style.xsl"?><OAI-PMH xmlns="http://www.openarchives.org/OAI/2.0/" xmlns:xsi="http://www.w3.org/2001/XMLSchema-instance" xsi:schemaLocation="http://www.openarchives.org/OAI/2.0/ http://www.openarchives.org/OAI/2.0/OAI-PMH.xsd"><responseDate>2026-04-13T05:57:53Z</responseDate><request verb="GetRecord" identifier="oai:www.recercat.cat:2117/346229" metadataPrefix="marc">https://recercat.cat/oai/request</request><GetRecord><record><header><identifier>oai:recercat.cat:2117/346229</identifier><datestamp>2026-02-04T06:54:59Z</datestamp><setSpec>com_2072_1033</setSpec><setSpec>col_2072_452950</setSpec></header><metadata><record xmlns="http://www.loc.gov/MARC21/slim" xmlns:dcterms="http://purl.org/dc/terms/" xmlns:xsi="http://www.w3.org/2001/XMLSchema-instance" xmlns:doc="http://www.lyncode.com/xoai" xsi:schemaLocation="http://www.loc.gov/MARC21/slim http://www.loc.gov/standards/marcxml/schema/MARC21slim.xsd">
   <leader>00925njm 22002777a 4500</leader>
   <datafield ind2=" " ind1=" " tag="042">
      <subfield code="a">dc</subfield>
   </datafield>
   <datafield ind2=" " ind1=" " tag="720">
      <subfield code="a">Pavón Regaña, Sandra</subfield>
      <subfield code="e">author</subfield>
   </datafield>
   <datafield ind2=" " ind1=" " tag="720">
      <subfield code="a">Fortuny Sanromá, Agustín</subfield>
      <subfield code="e">author</subfield>
   </datafield>
   <datafield ind2=" " ind1=" " tag="720">
      <subfield code="a">Sastre Requena, Ana María</subfield>
      <subfield code="e">author</subfield>
   </datafield>
   <datafield ind2=" " ind1=" " tag="260">
      <subfield code="c">2021-03-01</subfield>
   </datafield>
   <datafield ind2=" " ind1=" " tag="520">
      <subfield code="a">Processing of end-of-life products (EoL) containing rare earth elements (REE) has gained increasing importance in recent years with the aim of avoiding supply risks. In addition, circular economy renders complete recirculation of technology metals mandatory. Fluorescent lamp wastes are an important source for REE recovery since they contain significant amounts, up to 55 wt%, of Y and Eu in red phosphors. For these purposes, solid-state chlorination (SSC) is an economically attractive alternative to wet acid leaching treatment, which profits from a considerable reduction of chemicals consumption and process costs. Chlorination takes place with dry HCl(g) produced from thermal decomposition of NH4Cl(s), not only converting the REE content of the Hg-free phosphor waste into water soluble REE metal chlorides, but also avoiding the implications of aqueous complex chemistry of REE. To establish an industrial process viable on a commercial scale, the SSC process has been optimized by (i) using a design of experiment (DOE) varying temperature, residence time, and gNH4Cl/gsolid ratio and (ii) improved leaching of the chlorinated metals with an organic mixture selective for REE. As a result, 95.7% of the Y and 92.2% of the Eu were selectively recovered at 295.9 °C, 67 min and a ratio of 1.27 gNH4Cl/gsolid, followed by quantitative selective leaching of the REE. Owed to its low chemicals consumption and operation costs, the current process allows for valorizing lamp waste even when raw material prices are low.</subfield>
   </datafield>
   <datafield ind2=" " ind1=" " tag="520">
      <subfield code="a">Peer Reviewed</subfield>
   </datafield>
   <datafield ind2=" " ind1=" " tag="520">
      <subfield code="a">Postprint (author's final draft)</subfield>
   </datafield>
   <datafield tag="653" ind2=" " ind1=" ">
      <subfield code="a">Àrees temàtiques de la UPC::Enginyeria química</subfield>
   </datafield>
   <datafield tag="653" ind2=" " ind1=" ">
      <subfield code="a">Salvage (Waste, etc.)</subfield>
   </datafield>
   <datafield tag="653" ind2=" " ind1=" ">
      <subfield code="a">Chlorination</subfield>
   </datafield>
   <datafield tag="653" ind2=" " ind1=" ">
      <subfield code="a">Electronic waste</subfield>
   </datafield>
   <datafield tag="653" ind2=" " ind1=" ">
      <subfield code="a">Fluorescent powder</subfield>
   </datafield>
   <datafield tag="653" ind2=" " ind1=" ">
      <subfield code="a">Rare earths recovery</subfield>
   </datafield>
   <datafield tag="653" ind2=" " ind1=" ">
      <subfield code="a">Recycling</subfield>
   </datafield>
   <datafield tag="653" ind2=" " ind1=" ">
      <subfield code="a">Cloració</subfield>
   </datafield>
   <datafield tag="653" ind2=" " ind1=" ">
      <subfield code="a">Residus -- Recuperació</subfield>
   </datafield>
   <datafield ind2="0" ind1="0" tag="245">
      <subfield code="a">Rare earth elements recovery from secondary wastes by solid-state chlorination and selective organic leaching</subfield>
   </datafield>
</record></metadata></record></GetRecord></OAI-PMH>